书目信息 |
| 题名: |
物理课程理论与实践研究
|
|
| 作者: | 李天华 , 陈雪星 编著 | |
| 分册: | ||
| 出版信息: | 北京 中国水利水电出版社 2015 |
|
| 页数: | 238页 | |
| 开本: | 26cm | |
| 丛书名: | ||
| 单 册: | ||
| 中图分类: | G633.72 | |
| 科图分类: | ||
| 主题词: | 中学物理课--教学研究 | |
| 电子资源: | ||
| ISBN: | 978-7-5170-2411-8 | |
| 000 | 00893nam0 2200241 450 | |
| 001 | 012015000644 | |
| 005 | 20150914151754.95 | |
| 010 | @a978-7-5170-2411-8@dCNY52.00 | |
| 100 | @a20150317d2015 em y0chiy50 ea | |
| 101 | 0 | @achi |
| 102 | @aCN@b110000 | |
| 105 | @aa z 000yy | |
| 106 | @ar | |
| 200 | 1 | @a物理课程理论与实践研究@Awu li ke cheng li lun yu shi jian yan jiu@f李天华,陈雪星编著 |
| 210 | @a北京@c中国水利水电出版社@d2015 | |
| 215 | @a238页@c图@d26cm | |
| 330 | @a本书在教育心理学和现代课程理论的前提下,介绍了物理课程理论与实践的相关内容,并以中学物理课程改革为背景,着重讲解了中学教学的理论和实践等问题,探讨了物理课程、教学的基本理论,并辅以实例加以介绍。 | |
| 606 | 0 | @a中学物理课@x教学研究 |
| 690 | @aG633.72@v5 | |
| 701 | 0 | @a李天华@Ali tian hua@4编著 |
| 701 | 0 | @a陈雪星@Achen xue xing@4编著 |
| 801 | 0 | @aCN@b碧洲教育@c20150718 |
| 905 | @a10447@f4@dG633.72@e419 | |
| 物理课程理论与实践研究/李天华,陈雪星编著.-北京:中国水利水电出版社,2015 |
| 238页:图;26cm |
| ISBN 978-7-5170-2411-8:CNY52.00 |
| 本书在教育心理学和现代课程理论的前提下,介绍了物理课程理论与实践的相关内容,并以中学物理课程改革为背景,着重讲解了中学教学的理论和实践等问题,探讨了物理课程、教学的基本理论,并辅以实例加以介绍。 |
| ● |
| 相关链接 |
|
|
|
|
正题名:物理课程理论与实践研究
索取号:G633.72/419
 
预约/预借
| 序号 | 登录号 | 条形码 | 馆藏地/架位号 | 状态 | 备注 |
| 1 | 0848588 | 208485888 | 第一样本阅览室/ [索取号:G633.72/419] | 在馆 | |
| 2 | 0848589 | 208485897 | 第四借阅区/ [索取号:G633.72/419] | 在馆 | |
| 3 | 0848590 | 208485904 | 第四借阅区/ [索取号:G633.72/419] | 在馆 | |
| 4 | 0848591 | 208485913 | 第四借阅区/ [索取号:G633.72/419] | 在馆 |